[Event "Manavgat Turkey Cup"]
[Site "Manavgat"]
[Date "2015.02.07"]
[Round "11"]
[White "Gulec, Hasan Guney"]
[Black "Mangal, Ali"]
[Result "1-0"]
[WhiteElo "1884"]
[BlackElo "1620"]
[PlyCount "90"]
[EventDate "2015.01.31"]
[EventType "swiss"]
[EventRounds "11"]
[EventCountry "TUR"]
[SourceTitle "CBM 164 Extra"]
[Source "ChessBase"]
[SourceDate "2015.03.02"]
[SourceVersion "1"]
[SourceVersionDate "2015.03.02"]
[SourceQuality "1"]

1. e4 e5 2. Nf3 Nc6 3. Bb5 a6 4. Ba4 Nf6 5. 0-0 Be7 6. Re1 b5 7. Bb3 d6 8. c3 Bg4 9. h3 Bh5 10. d3 Na5 11. Bc2 c5 12. Nbd2 0-0 13. Nf1 Rc8 14. Ng3 Bg6 15. d4 cxd4 16. cxd4 Qc7 17. Bb1 Rfd8 18. d5 Nb7 19. Nh4 Qd7 20. Nhf5 Bf8 21. Bg5 Rc7 22. h4 Rdc8 23. Bxf6 gxf6 24. Qg4 Kh8 25. h5 Bxf5 26. Nxf5 Nc5 27. Re3 Ne6 28. dxe6 fxe6 29. Rg3 Rc1+ 30. Kh2 Qf7 31. Nh4 Bg7 32. Rd3 Rf1 33. Rxd6 Rcc1 34. Rxe6 Rh1+ 35. Kg3 Bh6 36. Rxa6 Qf8 37. Bc2 Rxa1 38. Rc6 Bf4+ 39. Kf3 Rxh4 40. Qxh4 Rxa2 41. Rxf6 Qc8 42. Rxf4 Ra3+ 43. bxa3 Qc3+ 44. Kg4 exf4 45. Qd8+ Kg7 1-0

[Event "Manavgat Turkey Cup"]
[Site "Manavgat"]
[Date "2015.02.01"]
[Round "3"]
[White "Gulec, Hasan Guney"]
[Black "Tutu, Huseyin"]
[Result "1-0"]
[WhiteElo "1884"]
[BlackElo "1591"]
[PlyCount "39"]
[EventDate "2015.01.31"]
[EventType "swiss"]
[EventRounds "11"]
[EventCountry "TUR"]
[SourceTitle "CBM 164 Extra"]
[Source "ChessBase"]
[SourceDate "2015.03.02"]
[SourceVersion "1"]
[SourceVersionDate "2015.03.02"]
[SourceQuality "1"]

1. e4 e5 2. Nf3 Nc6 3. Bb5 d6 4. d4 exd4 5. Nxd4 Bd7 6. Nc3 Nxd4 7. Bxd7+ Qxd7 8. Qxd4 Ne7 9. Be3 Nc6 10. Qd2 g6 11. Nd5 0-0-0 12. Qc3 Be7 13. 0-0-0 Qg4 14. f3 Qe6 15. b4 a6 16. a4 Qd7 17. b5 Rhe8 18. bxc6 bxc6 19. Nxe7+ Qxe7 20. Qxc6 1-0